000 00968nam a2200277 i 4500
003 DO-SdBNP
005 20230821142355.0
007 ta
008 230821b2010 pe ||||| |||| 00| 0 spa d
020 _a9786124573316
040 _aDO-SdBNP
_bspa
_cBNPHU
_erda
082 4 _222
100 1 _aGranados, Pedro,
_d1955-
_eautor
_983989
245 1 0 _aVallejo sin fronteras /
_cPedro Granados ; cuidado de edición, Rosario Bartolini
264 _aLima, Perú :
_bArcadia :
_bBiblioteca Nacional del Perú,
_c2010.
300 _a114 páginas ;
_c21 cm.
336 _2rdacontent
_atexto
_btxt
337 _2rdamedia
_asin mediación
_bnc
338 _2rdacarrier
_avolumen
_bn
500 _aIncluye datos biográficos del autor en la contracubierta
500 _aIncluye referencias bibliográficas y notas al pie de las páginas
590 _aInventariado, 2023/BT
700 1 _aBartolini, Rosario,
_ecuidado de edición
_983991
910 _aBtavárez
942 _2ddc
_cLBS1
999 _c54497
_d54497